| 000 | 01129nam2a22002291 4500 | ||
|---|---|---|---|
| 001 | rc\341513 | ||
| 005 | 20250612181751.0 | ||
| 035 | _a(NLR Aleph) 008776156 | ||
| 090 |
_a7953992 _c7953992 |
||
| 100 | _a20030307d1989 |||y0rusy50 ca | ||
| 101 | 0 | _arus | |
| 102 | _aRU | ||
| 105 | _ay ||||||||| | ||
| 200 | 0 |
_a1983-1985 гг. Ч. 1 _eВ 3 ч. _f[Сост. Я.И. Шарейко] |
|
| 210 |
_d1989 _aБ. м. |
||
| 215 | _a[1], 268 с. | ||
| 461 | 0 |
_1001rc\341512 _12001#$aРазвитие и размещение производительных сил БССР$eБиблиогр. указ. лит.$fПравительств. б-ка БССР им. А.М. Горького. Отд. библиогр.$v1983-1985 гг. Ч. 1 _97815411 _cМинск _d1989 _fПравительств. б-ка БССР им. А.М. Горького. Отд. библиогр. _nБ. и. _oБиблиогр. указ. лит. _tРазвитие и размещение производительных сил БССР _v1983-1985 гг. Ч. 1 |
|
| 801 | 0 |
_aRU _bNLR _gpsbo |
|
| 801 | 1 |
_aRU _bELAR _2rusmarc |
|
| 852 |
_aNLR _bС _jК-2/603 |
||
| 942 | _cBOOK | ||
| 980 | _aNB | ||